000 00434nam a2200157Ia 4500
008 240729s9999 xx 000 0 und d
022 _a2579-0153
245 0 _aJournal of Scientific Innovation in Medicine
260 _aUnited States
260 _bLevy Library Press
650 _a Medicine (General)
650 _aMedicine
856 _uhttps://doaj.org/toc/088dcbd183d24dc698f3c118338a988e
942 _2ddc
942 _cDOAJEJ
999 _c72491
_d72491
945 _a1
_bMadushi Gamage
_c1
_dMadushi Gamage